000 nam a22 7a 4500
999 _c126218
_d126218
005 20170223151952.0
008 170223b xxu||||| |||| 00| 0 eng d
050 _aPR9369.B43F7
100 _aBennett, Benjamin
_929047
245 _aFreedom or the gallows
_cby Bennett, Benjamin
260 _aCape Town
_bHoward B. Timmins
_c1956
300 _a248p.;
_c22cm.
942 _2lcc
_cMONOGRAPH